Religion Quiz

Random Religion Quiz

Hércules CF players Quiz Stats

 Plays Quiz not verified by Sporcle

Score 0/26 Timer 05:00
0 Plays Today
% Correct
Javier García PortiDIOS
85.7%
Acabado
85.7%
ESTO NON É UN PUTO TEST DA CLASE, INÚTIL
85.7%
DIOS
71.4%
Calatayud
57.1%
Abel Aguilar
57.1%
Noe Pamarot
57.1%
Sarr
42.9%
Abraham Paz
42.9%
Tote
42.9%
Paco Peña
42.9%
Nelson Valdez
42.9%
Olivier Thomert
42.9%
% Correct
Rufete
28.6%
Kiko
28.6%
Fritzler
28.6%
David Cortés
28.6%
Juanra
14.3%
Farinós
14.3%
Sendoa
14.3%
Rodri
14.3%
Pulhac
0%
Cristian
0%
Velthuizen
0%
Tiago Gomes
0%
Unai Alba
0%

You're not logged in!

Compare scores with friends on all Sporcle quizzes.
OR
Log In

Show Comments

Extras

Created Oct 15, 2010ReportNominate
Tags:player

Top Quizzes Today


Score Distribution

Your Account Isn't Verified!

In order to create a playlist on Sporcle, you need to verify the email address you used during registration. Go to your Sporcle Settings to finish the process.

Report this User

Report this user for behavior that violates our Community Guidelines.

Details: